Cómo se cuenta un cuento /
Cómo se cuenta un cuento es el registro de uno de los talleres de guión dirigidos por García Márquez, centrado en la narración de relatos cortos para cine y televisión y que toma como punto de partida Ladrón de sábado (1990), un guión de la mexicana Consuelo Garrido dirigido por José Luis García Agr...
Сохранить в:
| Соавтор: | |
|---|---|
| Другие авторы: | |
| Формат: | |
| Язык: | испанский |
| Опубликовано: |
Madrid, España : La Habana, Cuba : Barcelona, España :
Ollero y Ramos ; Escuela Internacional de Cine y TV de San Antonio de los Baños ; Debolsillo,
2004, c2003
|
| Редактирование: | 2a edición |
| Серии: | (Debolsillo ;
29) |
| Предметы: | |
| Метки: |
Нет меток, Требуется 1-ая метка записи!
|
MARC
| LEADER | 00000nam^a2200000^a^4500 | ||
|---|---|---|---|
| 001 | 000595958 | ||
| 005 | 20250521000000.0 | ||
| 009 | 20260310133057.568 | ||
| 020 | |a 84-9759-465-7 | ||
| 037 | |a Acervo ITESO - Biblioteca | ||
| 041 | |a ESP | ||
| 082 | |a 302. 235 |b TAL | ||
| 110 | |a Taller de Guión de Gabriel García Márquez | ||
| 240 | 1 | 1 | |a [Taller de cine] |
| 245 | 1 | 0 | |a Cómo se cuenta un cuento / |c Taller de Guión de Gabriel García Márquez ; dir. de la serie e introd. de G. García Márquez. |
| 250 | |a 2a edición | ||
| 264 | 4 | |a Madrid, España : |b Ollero y Ramos ; |a La Habana, Cuba : |b Escuela Internacional de Cine y TV de San Antonio de los Baños ; |a Barcelona, España : |b Debolsillo, |c 2004, c2003 | |
| 300 | |a 253 p. | ||
| 336 | |a texto |b txt |2 rdacontenido | ||
| 337 | |a sin mediación |b n |2 rdamedio | ||
| 338 | |a volumen |b nc |2 rdasoporte | ||
| 440 | 1 | |a (Debolsillo ; |v 29) | |
| 520 | |a Cómo se cuenta un cuento es el registro de uno de los talleres de guión dirigidos por García Márquez, centrado en la narración de relatos cortos para cine y televisión y que toma como punto de partida Ladrón de sábado (1990), un guión de la mexicana Consuelo Garrido dirigido por José Luis García Agraz, que integró junto con Espejo de dos lunas (Carlos García Agraz, 1990) y Contigo a la distancia (Tomás Gutiérrez Alea, 1990) la serie Con el amor no se juega. El grupo de participantes en el taller incluyó a las mexicanas Elid Pineda Arzate, autora de varios guiones de programas de televisión de la compañía Clío, y Cecilia Pérez Grovas, coautora del guión de la película mexicana Cilantro y perejil (Rafael Montero, 1996). | ||
| 649 | |a XX | ||
| 650 | |a Cortometrajes y Mediometrajes - |x Tema Principal | ||
| 650 | |a Guiones Cinematográficos - |x Tema Principal | ||
| 650 | |a Literatura y Cine | ||
| 650 | |a Talleres Educativos | ||
| 650 | |a Cine - |x Estudio y Enseñanza | ||
| 700 | |a García Márquez, Gabriel |e (dirección) | ||
| 910 | |a Fondo Castillo-Martínez | ||
| 920 | |a Impresos - Libros | ||
| 930 | |a Fondos Especiales | ||
| 905 | |a 127 | ||
| 901 | |a 595958-10 |b IT2 |c ESP |i D128383 |u 20250521 | ||
| 902 | |a https://opac.biblio.iteso.mx/vufind/Record/000595958 | ||